02944cam a22002895a 4500999001700000005001700017008004100034020001800075020001500093040003800108082002600146100001700172245007400189250001300263260004100276300004200317500002100359500002300380500002200403520107400425520089701499650005602396651001002452653002202462942000802484952016202492 c27323d2729420190404120104.0170810t2019 maua fr 001 0 eng d a9781337567480 a1337567485 aDLCbengcDLCdEG-ScBUEdEG-ScBUE04a629.25040288bGIL2221 aGilles, Tim.10aAutomotive engines :bdiagnosis, repair and rebuilding /cTim Gilles. a8th. ed. aBoston :bCengage Learning,cc.2019. axvii, 729 p. :bill. (col.) ;c28 cm. aIncludes index.  aIncludes glossary. aIncludes QR code. aThis comprehensive resource provides detailed content on the theory of operation, diagnosis, repair, and rebuilding of automotive engines. Students will gain essential technical expertise as they develop the skills and knowledge they need for professional success, including critical thinking and awareness of key industry trends and practices. AUTOMOTIVE ENGINES: DIAGNOSIS, REPAIR, AND REBUILDING, Eighth Edition, emphasizes universal repair techniques and case histories based on real-world scenarios to prepare users for careers in the field. Instructor resources include lesson plans, customizable lab sheets that address ASE Education Foundation Standards, a customizable test bank with questions based on chapter content, PowerPoint® presentations, and more. Now updated with new, full-color images and information on the latest trends, tools, and technology—including hybrid engines and high-performance components—this trusted resource is the ideal choice for automotive program instructors who want a complete teaching package for their Engines course.  aThe Eighth Edition includes updated information on cooling and lubrication systems, reflecting recent advances in engine technology and current trends and practices in the field. The author has updated and added new case histories highlighting relevant real-world situations, providing more opportunities for students to hone critical-thinking skills and explore practical applications of key concepts covered in the text. New Vintage Engines features provide useful context to help students appreciate newer technologies within a broader historical perspective; features present interesting facts about older technologies alongside relevant photographs. A dedicated section on high performance includes three chapters with the newest information on engine breathing, including intake and exhaust manifolds, turbocharging, supercharging, high-performance camshafts, and variable valve timing. 7aAutomobilesxMotorsxMaintenance and repair.2BUEsh 2BUEsh bENGMECcMarch2019 2ddc 00102ddc40708AlahramaMAINbMAINc1STd2019-03-30ePurchaseg815.00h524l1m9o629.25040288 GILp000043297r2025-07-15 00:00:00s2022-10-04v1018.75yBB